书目信息 |
| 题名: |
美国札记
|
|
| 作者: | 杨刚 著 | |
| 分册: | ||
| 出版信息: | 长沙 湖南人民出版社 1983.11 |
|
| 页数: | 152页 | |
| 开本: | 19cm | |
| 丛书名: | ||
| 单 册: | ||
| 中图分类: | D771.28 | |
| 科图分类: | ||
| 主题词: | 政治 | |
| 电子资源: | ||
| ISBN: | ||
| 000 | 00534nam0 2200205 45 | |
| 001 | 0402060290 | |
| 005 | 20040425110245.8 | |
| 010 | @dCNY0.58 | |
| 091 | @a11109.223 | |
| 100 | @a20040206d1983 km y0chiy0120 ea | |
| 101 | 0 | @achi |
| 105 | @aca z 000yy | |
| 200 | 1 | @a美国札记@AMei Guo Zha Ji@f杨刚著@FYang Gang Zhu |
| 210 | @a长沙@c湖南人民出版社@d1983.11 | |
| 215 | @a152页@d19cm | |
| 606 | 0 | @a政治 |
| 690 | @aD771.28@v3 | |
| 701 | 0 | @a杨刚@4著 |
| 801 | @aCN@bPftUser@c20040206 | |
| 905 | @dD771.28@e83@f2@b152358-359@f1@b152356 | |
| 美国札记/杨刚著.-长沙:湖南人民出版社,1983.11 |
| 152页;19cm |
| ISBN :CNY0.58 |
| ● |
| 相关链接 |
|
|
|
|
正题名:美国札记
索取号:D771.28/83
 
预约/预借
| 序号 | 登录号 | 条形码 | 馆藏地/架位号 | 状态 | 备注 |
| 1 | 0152356 | 001014459 | 第一借阅区/ [索取号:D771.28/83] | 在馆 | |
| 2 | 0152357 | 001869589 | 密集书库/ [索取号:D771.28/83] | 在馆 | |
| 3 | 0152358 | 001014468 | 第一借阅区/ [索取号:D771.28/83] | 在馆 | |
| 4 | 0152359 | 001014477 | 第一借阅区/ [索取号:D771.28/83] | 在馆 | |
| 5 | 0152360 | 001871077 | 密集书库/ [索取号:D771.28/83] | 在馆 |